Vista normal Vista MARC

Entrada Materia (personas)

Número de registros utilizados en: 1

001 - CONTROL NUMBER

  • control field: 155507

003 - CONTROL NUMBER IDENTIFIER

  • control field: Co-BoUCM

005 - DATE AND TIME OF LATEST TRANSACTION

  • control field: 20211108101012.0

008 - FIXED-LENGTH DATA ELEMENTS

  • fixed length control field: 211108|| aca||aabn | a|a d

040 ## - CATALOGING SOURCE

  • Original cataloging agency: Co-BoUCM
  • Transcribing agency: Co-BoUCM

100 ## - HEADING--PERSONAL NAME

  • Personal name: Fowler, Roger

670 ## - SOURCE DATA FOUND

  • Source citation: Work cat.: (Co-BoUCM)7400: Fowler, Roger, Para comprender el lenguaje introducción a la lingüística, 1978